| 000 | 00592nam a2200193Ii 4500 | ||
|---|---|---|---|
| 003 | JO-AjNU | ||
| 008 | 230606s9999||||xx |||||||||||||| ||und|| | ||
| 020 | _a81-261-0603-4 | ||
| 040 |
_aJO-AjNU _beng _erda _cJO-AjNU |
||
| 041 | _aeng | ||
| 050 | 1 | 4 | _aK1700.2000 |
| 100 | 3 |
_aTIWARI ، SATISH, _eauthor _91334 |
|
| 245 | 0 | 0 | _aENCYCLOPAEDIA OF INDIAN GOVERNMENT SERIES LAW , JUSTICE AND COMPANY AFFAIRS |
| 264 | 3 | 1 | _aNEW DELHI : ANMOL PUBLICATIONS PVT.LTD ،2000 |
| 300 | _a231p | ||
| 336 |
_atext _btxt _2rdacontent |
||
| 337 |
_aunmediated _bn _2rdamedia |
||
| 338 |
_avolume _bnc _2rdacarrier |
||
| 999 |
_aE702 _c702 _d702 |
||